[Event "AUT-chT 1999/2000"]
[Site "Fürstenfeld"]
[Date "2000.01.15"]
[Round "7.3"]
[White "Arnold, Johannes"]
[Black "Ganaus, Hannes"]
[Result "0-1"]
[WhiteElo "2321"]
[BlackElo "2344"]
[PlyCount "105"]
[EventDate "2000.01.15"]

1. d4 Nf6 2. c4 e6 3. Nf3 d5 4. Nc3 Be7 5. Bf4 O-O 6. e3 c5 7. dxc5 Bxc5 8. Qc2
Nc6 9. a3 Qa5 10. O-O-O Be7 11. h4 Rd8 12. Nd2 a6 13. Nb3 Qb6 14. c5 Qa7 15.
Bc7 Rf8 16. Na4 Ne8 17. Bh2 Bd8 18. Bd3 h6 19. g4 e5 20. g5 h5 21. g6 f5 22.
Be2 Nf6 23. Rhg1 Be6 24. Rg5 Ng4 25. Bxg4 Bxg5 26. Bxh5 Bf6 27. Be2 Rfe8 28.
Bf1 Rad8 29. Bh3 Ne7 30. h5 a5 31. Nd2 Qa6 32. Nf3 e4 33. Bf1 Qc6 34. Nd4 Bxd4
35. exd4 Bd7 36. Nc3 Qf6 37. Bc7 Rc8 38. Bxa5 Qg5+ 39. Kb1 Qxh5 40. Nb5 Bxb5
41. Bxb5 Nc6 42. Bxc6 Rxc6 43. Bd2 Qf3 44. Bc1 Rce6 45. Rg1 f4 46. Ka2 Rf8 47.
Qd2 Qh5 48. Qd1 Qxd1 49. Rxd1 Rxg6 50. b4 Rg2 51. Rd2 e3 52. fxe3 f3 53. e4 0-1

[Event "AUT-chT 1999/2000"]
[Site "Fürstenfeld"]
[Date "2000.01.15"]
[Round "7.4"]
[White "Neubauer, Martin"]
[Black "Gaertner, Guntram"]
[Result "1/2-1/2"]
[WhiteElo "2348"]
[BlackElo "2398"]
[PlyCount "165"]
[EventDate "2000.01.15"]

1. e4 c5 2. c3 e6 3. d4 d5 4. exd5 exd5 5. Bb5+ Nc6 6. Nf3 Bd6 7. O-O Nge7 8.
dxc5 Bxc5 9. Nbd2 O-O 10. Nb3 Bb6 11. Re1 Bg4 12. Be2 Re8 13. Nbd4 Nxd4 14.
Nxd4 Bxe2 15. Rxe2 Bxd4 16. Qxd4 Nc6 17. Rxe8+ Qxe8 18. Qd1 d4 19. cxd4 Nxd4
20. Be3 Ne6 21. Qb3 b6 22. a4 Qd8 23. h3 h6 24. Qb4 Rb8 25. Qg4 Qf6 26. Rd1
Qxb2 27. Bxh6 Qf6 28. Be3 Rd8 29. Rc1 Qe5 30. Qc4 Qa5 31. Qe4 Qd5 32. Qb4 Qd6
33. Qxd6 Rxd6 34. g4 Rd5 35. Kg2 Kf8 36. Kf3 Ke7 37. Ke4 Kd6 38. f4 g6 39. Rc4
f5+ 40. Kf3 Nc5 41. h4 fxg4+ 42. Kxg4 Ne6 43. Re4 Rf5 44. Bc1 Kd5 45. Rb4 Kc6
46. Rc4+ Nc5 47. Bb2 b5 48. axb5+ Kxb5 49. Rd4 Kc6 50. Rd1 Ne4 51. Rc1+ Kd5 52.
Be5 Nf2+ 53. Kf3 Nd3 54. Rd1 Kc4 55. Bb8 a5 56. Ke3 Rb5 57. Bd6 Rd5 58. Be7 Rd7
59. Bf8 Rd8 60. Bg7 Rg8 61. Ba1 Re8+ 62. Kf3 Rf8 63. Rg1 Rxf4+ 64. Ke3 Rxh4 65.
Rxg6 a4 66. Rc6+ Nc5 67. Bg7 a3 68. Rc8 a2 69. Kd2 Rh2+ 70. Ke3 Rh7 71. Bf6 Rf7
72. Bh8 Rd7 73. Ke2 Rd5 74. Bg7 Kb3 75. Rb8+ Kc4 76. Rc8 Rd7 77. Bh8 Kb4 78.
Rb8+ Nb7 79. Ra8 Rd8 80. Rxa2 Re8+ 81. Kf3 Rf8+ 82. Kg4 Rg8+ 83. Kf4 1/2-1/2

[Event "AUT-chT 1999/2000"]
[Site "Fürstenfeld"]
[Date "2000.01.15"]
[Round "7.5"]
[White "Feistenauer, Fred"]
[Black "Neumeier, Klaus"]
[Result "0-1"]
[WhiteElo "2278"]
[BlackElo "2272"]
[PlyCount "71"]
[EventDate "2000.01.15"]

1. e4 c5 2. Nc3 Nc6 3. f4 g6 4. Nf3 Bg7 5. g3 d6 6. Bg2 e6 7. O-O Nge7 8. d3
O-O 9. Be3 Nd4 10. Qd2 b6 11. Rae1 Bb7 12. Nh4 Qd7 13. Nd1 f5 14. Bf2 fxe4 15.
dxe4 Ba6 16. Bxd4 Bxd4+ 17. Rf2 Bxf2+ 18. Nxf2 Rad8 19. Bh3 Bc8 20. Ng4 Nc6 21.
c3 Qg7 22. Rf1 Kh8 23. Ne3 Ne7 24. Bg2 Bb7 25. Qe2 d5 26. e5 Nf5 27. Ng4 Nxh4
28. gxh4 h5 29. Nf6 Rxf6 30. exf6 Qxf6 31. Qe5 Rf8 32. Qg5 Kh7 33. Qg3 Ba6 34.
Rf2 Qf5 35. Qe3 Rf6 36. Bh3 0-1

[Event "AUT-chT 1999/2000"]
[Site "Fürstenfeld"]
[Date "2000.01.15"]
[Round "7.6"]
[White "Weissenbeck, Manuel"]
[Black "Amann, Guenter"]
[Result "0-1"]
[WhiteElo "2221"]
[BlackElo "2246"]
[PlyCount "80"]
[EventDate "2000.01.15"]

1. d4 Nf6 2. Nf3 g6 3. c4 Bg7 4. Nc3 O-O 5. e4 d6 6. Be2 e5 7. O-O Nc6 8. d5
Ne7 9. b4 Ne8 10. Nd2 f5 11. f3 f4 12. c5 g5 13. Nc4 Ng6 14. a4 Nf6 15. Ba3 Rf7
16. a5 h5 17. b5 dxc5 18. Bxc5 g4 19. d6 Bf8 20. Kh1 g3 21. Qb3 Ne8 22. Rfd1
cxd6 23. Bg1 Be6 24. Nd5 gxh2 25. Bf2 Qg5 26. a6 b6 27. Bf1 h4 28. Rd2 Rg7 29.
Ncxb6 axb6 30. Bxb6 h3 31. Raa2 Nh4 32. Qd1 Bxd5 33. exd5 Nf5 34. Rdb2 Nf6 35.
g4 fxg3 36. Bxh3 Nh5 37. Bxf5 Qxf5 38. Be3 g2+ 39. Rxg2 Ng3+ 40. Kxh2 Qh5+ 0-1

[Event "AUT-chT 1999/2000"]
[Site "Fürstenfeld"]
[Date "2000.01.15"]
[Round "7.1"]
[White "Pinter, Jozsef"]
[Black "Rabiega, Robert"]
[Result "1-0"]
[WhiteElo "2554"]
[BlackElo "2471"]
[PlyCount "83"]
[EventDate "2000.01.15"]

1. d4 d5 2. Nf3 Nf6 3. c4 e6 4. Nc3 dxc4 5. e3 a6 6. Bxc4 c5 7. Bd3 Nbd7 8. O-O
b5 9. a4 b4 10. Ne4 Bb7 11. Ned2 Be7 12. Qe2 O-O 13. Rd1 cxd4 14. exd4 Qb6 15.
Nc4 Qa7 16. Bf4 Nd5 17. Bg3 a5 18. h4 Rfc8 19. Nfe5 Nf8 20. h5 f6 21. Nf3 Bc6
22. Bc2 Be8 23. h6 g5 24. Be4 Bg6 25. Bxd5 exd5 26. Ne3 Rd8 27. Rac1 Qa6 28.
Qxa6 Rxa6 29. Rc7 Kf7 30. Rb7 Ne6 31. Rb5 Be4 32. Ne1 Nf4 33. Kf1 Bd6 34. f3
Bg6 35. Bxf4 gxf4 36. Nxd5 Ke6 37. Nd3 Bxd3+ 38. Rxd3 Rc8 39. Rd2 Ra7 40. Ke2
Kf7 41. Kd3 Bf8 42. Rb6 1-0

[Event "AUT-chT 1999/2000"]
[Site "Fürstenfeld"]
[Date "2000.01.15"]
[Round "7.2"]
[White "Grosar, Aljesa"]
[Black "Poldauf, Dirk"]
[Result "1-0"]
[WhiteElo "2437"]
[BlackElo "2460"]
[PlyCount "91"]
[EventDate "2000.01.15"]

1. e4 e6 2. d4 d5 3. e5 c5 4. c3 Nc6 5. Nf3 Nge7 6. Na3 cxd4 7. cxd4 Nf5 8. Nc2
Qb6 9. Be2 Bd7 10. O-O Rc8 11. g4 Nfe7 12. Nfe1 h5 13. gxh5 Nf5 14. Be3 Na5 15.
b3 Bb5 16. Nd3 Nc6 17. Rc1 a5 18. Nf4 Bxe2 19. Qxe2 Qd8 20. h3 Qh4 21. Qg4 Rd8
22. Rfd1 Be7 23. Ne1 Ba3 24. Rc2 Qe7 25. Nfd3 Qc7 26. Nf3 Qb6 27. Kh2 Kd7 28.
Nc5+ Kc8 29. Nh4 Nxh4 30. Qxh4 Bxc5 31. Rxc5 Kb8 32. Qg4 Rh7 33. Qe2 Rdh8 34.
h6 gxh6 35. Rg1 h5 36. Qd3 Ka7 37. a3 Qa6 38. Qc2 h4 39. b4 axb4 40. axb4 Nxb4
41. Qc3 b6 42. Qxb4 bxc5 43. dxc5 Ka8 44. c6 f6 45. Qb2 Rb8 46. Qc3 1-0

[Event "AUT-chT 1999/2000"]
[Site "Fürstenfeld"]
[Date "2000.01.15"]
[Round "7.3"]
[White "Wach, Markus"]
[Black "Lipinsky, Fabian"]
[Result "0-1"]
[WhiteElo "2397"]
[BlackElo "2339"]
[PlyCount "73"]
[EventDate "2000.01.15"]

1. e4 c5 2. Nf3 d6 3. d4 cxd4 4. Nxd4 Nf6 5. Nc3 Nc6 6. Bg5 e6 7. Qd2 Be7 8.
O-O-O Nxd4 9. Qxd4 a6 10. f4 b5 11. Bxf6 gxf6 12. Kb1 Qc7 13. Be2 Qc5 14. Qd3
b4 15. Na4 Qa5 16. b3 Bd7 17. Nb2 Bb5 18. Qd2 O-O 19. f5 Kh8 20. g4 Rac8 21. h4
Rc5 22. g5 Rfc8 23. Rc1 Qd8 24. Bxb5 axb5 25. g6 fxg6 26. fxg6 Rh5 27. Nd3 Qa5
28. Rcg1 Ra8 29. Nc1 Bf8 30. g7+ Bxg7 31. Qxd6 Qa7 32. Qxe6 Re5 33. Qd6 Rxe4
34. Rg2 f5 35. Rhg1 Bc3 36. Qd5 Rg4 37. Rxg4 0-1

[Event "AUT-chT 1999/2000"]
[Site "Fürstenfeld"]
[Date "2000.01.15"]
[Round "7.4"]
[White "Herndl, Harald"]
[Black "Baumegger, Siegfried"]
[Result "1-0"]
[WhiteElo "2342"]
[BlackElo "2421"]
[PlyCount "83"]
[EventDate "2000.01.15"]

1. d4 e6 2. c4 Bb4+ 3. Nc3 Bxc3+ 4. bxc3 d6 5. e4 e5 6. Bd3 c5 7. Ne2 Nc6 8.
O-O Nge7 9. d5 Nb8 10. a4 Ng6 11. a5 O-O 12. Be3 Nd7 13. Qd2 Nf6 14. f3 h6 15.
Kh1 Nh7 16. Ng3 Nh4 17. Nf5 Nxf5 18. exf5 b6 19. axb6 Qxb6 20. Rfb1 Qc7 21. g4
Qe7 22. Kg2 Re8 23. Re1 Rb8 24. Bf2 Rb7 25. h4 Bd7 26. Ra2 Reb8 27. Rh1 f6 28.
Rha1 Bc8 29. Be4 Rc7 30. Be3 a6 31. Kh1 Qd8 32. Rg1 Rcb7 33. Qh2 Rb3 34. g5
fxg5 35. hxg5 Nxg5 36. Bxg5 hxg5 37. Rag2 Qf6 38. Rxg5 Rb1 39. Bxb1 Rxb1 40.
Qh5 Rxg1+ 41. Kxg1 Qf7 42. Qg6 1-0

[Event "AUT-chT 1999/2000"]
[Site "Fürstenfeld"]
[Date "2000.01.15"]
[Round "7.5"]
[White "Freitag, Manfred"]
[Black "Fahrner, Kurt"]
[Result "0-1"]
[WhiteElo "2373"]
[BlackElo "2329"]
[PlyCount "118"]
[EventDate "2000.01.15"]

1. d4 d5 2. c4 c6 3. Nc3 Nf6 4. Nf3 dxc4 5. a4 Bg4 6. Ne5 Bh5 7. h3 Na6 8. g4
Bg6 9. Bg2 Nb4 10. O-O Bc2 11. Qd2 Bb3 12. Ne4 Nc2 13. Nc5 Qxd4 14. Nxb7 Nd5
15. Qg5 f6 16. Nxc6 fxg5 17. Nxd4 Nxd4 18. Bxd5 Rc8 19. Be3 e6 20. Bxd4 exd5
21. Rfc1 Bb4 22. a5 a6 23. Bxg7 Kd7 24. Bxh8 Rxh8 25. e4 Kc6 26. exd5+ Kxb7 27.
Rxc4 Bxc4 28. Ra4 Bxa5 29. Rxc4 Bc7 30. Rb4+ Bb6 31. Re4 Rf8 32. Re7+ Kc8 33.
Re6 Kc7 34. Rh6 Bxf2+ 35. Kg2 a5 36. Rxh7+ Kd6 37. Rb7 Bd4 38. b3 Rf2+ 39. Kg3
Rb2 40. Rb5 Be5+ 41. Kf3 Bf4 42. h4 Ra2 43. hxg5 Bxg5 44. Ke4 Re2+ 45. Kd3 Rd2+
46. Ke4 Bd8 47. Rb8 Bc7 48. Rb7 Rg2 49. Kf3 Rg1 50. Kf4 Kd7+ 51. Kf5 Rf1+ 52.
Kg5 Kc8 53. Rb5 Bd8+ 54. Kh5 Rf4 55. Rc5+ Kd7 56. Rc3 Rd4 57. g5 Rxd5 58. Rg3
Kc6 59. Kh6 Bxg5+ 0-1

[Event "AUT-chT 1999/2000"]
[Site "Fürstenfeld"]
[Date "2000.01.15"]
[Round "7.6"]
[White "Ebner, Hubert"]
[Black "Demuth, Markus"]
[Result "1/2-1/2"]
[WhiteElo "2245"]
[BlackElo "2253"]
[PlyCount "51"]
[EventDate "2000.01.15"]

1. d4 Nf6 2. c4 g6 3. Nc3 Bg7 4. e4 d6 5. Be2 O-O 6. Nf3 e5 7. O-O Nc6 8. Be3
Ng4 9. Bg5 f6 10. Bc1 Nh6 11. h3 Nf7 12. dxe5 Nfxe5 13. Be3 Be6 14. Nd5 Rf7 15.
Rc1 Rd7 16. Nd2 Ne7 17. Nb3 c5 18. f4 N5c6 19. f5 gxf5 20. exf5 Bxf5 21. g4 Be4
22. Nxf6+ Bxf6 23. Rxf6 Nd5 24. cxd5 Qxf6 25. dxc6 Bxc6 26. Bc4+ 1/2-1/2

[Event "AUT-chT 1999/2000"]
[Site "Fürstenfeld"]
[Date "2000.01.15"]
[Round "7.1"]
[White "Hoelzl, Franz"]
[Black "Lukacs, Peter"]
[Result "1/2-1/2"]
[WhiteElo "2428"]
[BlackElo "2480"]
[PlyCount "27"]
[EventDate "2000.01.15"]

1. Nf3 d5 2. d4 Nf6 3. e3 e6 4. Bd3 c5 5. O-O Nbd7 6. b3 Bd6 7. Bb2 O-O 8. Nbd2
b6 9. e4 cxd4 10. Nxd4 Bb7 11. exd5 Bxd5 12. Nc4 Bc5 13. Re1 a6 14. Ne3 1/2-1/2

[Event "AUT-chT 1999/2000"]
[Site "Fürstenfeld"]
[Date "2000.01.15"]
[Round "7.2"]
[White "Volkmann, Friedrich Karl"]
[Black "Horvath, Csaba"]
[Result "1/2-1/2"]
[WhiteElo "2427"]
[BlackElo "2512"]
[PlyCount "28"]
[EventDate "2000.01.15"]

1. e4 c5 2. Nf3 e6 3. b3 b6 4. d4 cxd4 5. Nxd4 Bb7 6. Bd3 Nf6 7. e5 Nd5 8. O-O
Nc6 9. Nxc6 Bxc6 10. c4 Ne7 11. Nc3 Ng6 12. Qh5 Qc7 13. f4 Bc5+ 14. Kh1 Qb7
1/2-1/2

[Event "AUT-chT 1999/2000"]
[Site "Fürstenfeld"]
[Date "2000.01.15"]
[Round "7.3"]
[White "Moser, Guenter"]
[Black "Schroll, Gerhard"]
[Result "1/2-1/2"]
[WhiteElo "2315"]
[BlackElo "2435"]
[PlyCount "115"]
[EventDate "2000.01.15"]

1. f4 d5 2. Nf3 g6 3. g3 Bg7 4. Bg2 Nh6 5. O-O c6 6. e3 Nd7 7. d4 O-O 8. a4 f6
9. c4 dxc4 10. Qc2 a5 11. Na3 e5 12. e4 Nb6 13. fxe5 fxe5 14. Bg5 Qe8 15. Nxe5
Nf7 16. Be3 Nxe5 17. dxe5 Rxf1+ 18. Rxf1 c5 19. Nxc4 Nxc4 20. Qxc4+ Be6 21.
Qxc5 Qxa4 22. Qb6 Qb3 23. Qxb3 Bxb3 24. Bd4 Re8 25. Rc1 Bxe5 26. Bxe5 Rxe5 27.
Kf2 Rb5 28. Ke3 Be6 29. Rc2 Kf7 30. Bf1 Rb4 31. Rf2+ Ke7 32. Kf4 Bd5 33. Bd3
Bc6 34. Rc2 Kf6 35. h4 h6 36. Rf2 g5+ 37. hxg5+ hxg5+ 38. Ke3+ Ke6 39. Rf5 a4
40. Rxg5 Rxb2 41. Bc4+ Ke7 42. Ra5 b5 43. Bd3 b4 44. Ra7+ Kd8 45. e5 Rg2 46. e6
Rxg3+ 47. Kd2 b3 48. Bf5 Rg5 49. Bd3 b2 50. Kc2 Rg2+ 51. Kb1 Rg3 52. Bc2 a3 53.
Ra5 Ke7 54. Ka2 Rg2 55. Bb1 Kxe6 56. Kxa3 Bd5 57. Ra6+ Ke5 58. Rb6 1/2-1/2

[Event "AUT-chT 1999/2000"]
[Site "Fürstenfeld"]
[Date "2000.01.15"]
[Round "7.5"]
[White "Titz, Heimo"]
[Black "Posch, Werner"]
[Result "0-1"]
[WhiteElo "2297"]
[BlackElo "2267"]
[PlyCount "90"]
[EventDate "2000.01.15"]

1. c4 e5 2. g3 Nc6 3. Bg2 g6 4. Nc3 Bg7 5. e4 d6 6. Nge2 Be6 7. d3 Qd7 8. Nd5
Rc8 9. h3 Nce7 10. d4 c6 11. Nxe7 Qxe7 12. d5 cxd5 13. cxd5 Bd7 14. Qb3 Rc7 15.
Be3 b6 16. O-O f5 17. Rfc1 Rb7 18. a4 Nf6 19. a5 O-O 20. exf5 Bxf5 21. axb6
axb6 22. Ra6 Nd7 23. Bxb6 Rfb8 24. Rc6 Qf8 25. g4 Bb1 26. Qe3 Bh6 27. g5 Bxg5
28. Qxg5 Nxb6 29. Nc3 Bd3 30. Ra1 Nc4 31. Rd1 Nxb2 32. Rd2 Bf5 33. Ne4 Bxe4 34.
Bxe4 Na4 35. Kg2 Nb6 36. Rdc2 Rf7 37. Qc1 Rf4 38. Rxb6 Rxb6 39. f3 Rb8 40. Qa3
Ra8 41. Qc3 Qf6 42. Qe1 Qg5+ 43. Qg3 Qf6 44. Qe1 Rf8 45. Re2 Rxf3 0-1

[Event "AUT-chT 1999/2000"]
[Site "Fürstenfeld"]
[Date "2000.01.15"]
[Round "7.6"]
[White "Wiedner, Robert"]
[Black "Schumi, Manfred"]
[Result "1-0"]
[WhiteElo "2180"]
[BlackElo "2246"]
[PlyCount "81"]
[EventDate "2000.01.15"]

1. d4 Nf6 2. Nf3 g6 3. Nc3 d5 4. h3 Bg7 5. Bf4 c5 6. e3 O-O 7. Be2 cxd4 8. exd4
Nc6 9. O-O Ne4 10. Na4 a6 11. c3 f6 12. Nd2 Nxd2 13. Bxd2 e5 14. dxe5 fxe5 15.
Be3 Be6 16. Nc5 Bf7 17. Bg4 d4 18. Bd2 Qe7 19. Ne4 h6 20. Re1 Rad8 21. Qc1 g5
22. h4 gxh4 23. Bxh6 Bxh6 24. Qxh6 Bd5 25. Rad1 Qg7 26. Be6+ Bxe6 27. Qxe6+ Qf7
28. Qg4+ Qg7 29. Qe6+ Kh7 30. Rd3 Qg6 31. Qh3 Rf4 32. Rg3 Rxe4 33. Rxe4 Qxe4
34. Rg4 Qb1+ 35. Kh2 Rd6 36. Qf3 Rg6 37. Qf7+ Kh6 38. Rxh4+ Kg5 39. g3 Rh6 40.
f4+ exf4 41. Qxf4+ 1-0

[Event "AUT-chT 1999/2000"]
[Site "Fürstenfeld"]
[Date "2000.01.16"]
[Round "8.1"]
[White "Hertneck, Gerald"]
[Black "Lukacs, Peter"]
[Result "1/2-1/2"]
[WhiteElo "2571"]
[BlackElo "2480"]
[PlyCount "29"]
[EventDate "2000.01.16"]

1. b3 d5 2. Bb2 Nf6 3. e3 c6 4. f4 g6 5. Nf3 Bg7 6. Be2 O-O 7. O-O b6 8. Re1 e6
9. a4 Bb7 10. a5 Na6 11. d4 Ne4 12. b4 Nd6 13. Ne5 f6 14. Nd3 Nc4 15. Bc1
1/2-1/2

[Event "AUT-chT 1999/2000"]
[Site "Fürstenfeld"]
[Date "2000.01.16"]
[Round "8.2"]
[White "Volkmann, Friedrich Karl"]
[Black "Tischbierek, Raj"]
[Result "0-1"]
[WhiteElo "2427"]
[BlackElo "2544"]
[PlyCount "92"]
[EventDate "2000.01.16"]

1. e4 c5 2. Nf3 d6 3. d4 cxd4 4. Nxd4 Nf6 5. Nc3 e6 6. Be2 Be7 7. O-O Nc6 8.
Be3 Bd7 9. Ndb5 Qb8 10. a4 O-O 11. Qd2 Rd8 12. Rad1 Be8 13. f4 a6 14. Na3 d5
15. exd5 exd5 16. Bb6 d4 17. Na2 Nd5 18. Bxd8 Qxd8 19. Rf3 Bc5 20. Kh1 Ne3 21.
Rb1 Ne7 22. b4 Bb6 23. b5 axb5 24. Bxb5 Bxb5 25. Nxb5 Rxa4 26. Nb4 Nc6 27. c3
Nxb4 28. cxb4 h6 29. h3 Qa8 30. Nxd4 Ra1 31. Re1 Nc4 32. Qe2 Bxd4 33. Rxa1
Qxa1+ 34. Rf1 Qc3 35. Qe8+ Kh7 36. Qe4+ g6 37. Qxb7 Nd6 38. Qd5 Qxb4 39. f5
gxf5 40. Rd1 Bc5 41. Qe5 Kg6 42. Qh8 Qf4 43. Qg8+ Kh5 44. g4+ Kh4 45. Qd8+ Kxh3
46. Rd3+ Be3 0-1

[Event "AUT-chT 1999/2000"]
[Site "Fürstenfeld"]
[Date "2000.01.16"]
[Round "8.3"]
[White "Ankerst, Michael"]
[Black "Schroll, Gerhard"]
[Result "0-1"]
[WhiteElo "2353"]
[BlackElo "2435"]
[PlyCount "66"]
[EventDate "2000.01.16"]

1. e4 Nf6 2. Nc3 d5 3. exd5 Nxd5 4. Bc4 Nb6 5. Bb3 Nc6 6. Qf3 e6 7. Nge2 Be7 8.
a3 O-O 9. O-O e5 10. d3 Kh8 11. Qh5 f5 12. f4 Bd6 13. fxe5 Bxe5 14. Nf4 Qe8 15.
Qh4 Nd4 16. Bd2 Nxb3 17. cxb3 Bf6 18. Qf2 Qf7 19. Rae1 Bd7 20. b4 Rfe8 21. Qc5
c6 22. Qd6 Rxe1 23. Rxe1 Re8 24. Qc7 Rxe1+ 25. Bxe1 Qe8 26. Bf2 Be5 27. Qxb7
Bxf4 28. Qxa7 Be3 29. Qc7 Nd5 30. Nxd5 cxd5 31. h3 f4 32. Qd6 d4 33. Bxe3 fxe3
0-1

[Event "AUT-chT 1999/2000"]
[Site "Fürstenfeld"]
[Date "2000.01.16"]
[Round "8.4"]
[White "Neulinger, Manfred"]
[Black "Opl, Klaus"]
[Result "1-0"]
[WhiteElo "2328"]
[BlackElo "2330"]
[PlyCount "109"]
[EventDate "2000.01.16"]

1. e4 e5 2. Nf3 Nc6 3. Bb5 a6 4. Bxc6 dxc6 5. d4 exd4 6. Qxd4 Qxd4 7. Nxd4 Bd7
8. Bf4 O-O-O 9. Nc3 Re8 10. O-O-O Ne7 11. Bg3 g6 12. h3 Bh6+ 13. f4 c5 14. Nf3
f6 15. Kb1 Rhf8 16. Bh2 Bc6 17. Rhf1 f5 18. e5 Rd8 19. g3 Rxd1+ 20. Nxd1 Rd8
21. Kc1 Kd7 22. h4 Ke6 23. Bg1 b6 24. Rf2 Rd7 25. Ng5+ Bxg5 26. hxg5 Nd5 27. a3
c4 28. Rd2 Rf7 29. b3 cxb3 30. c4 Ne7 31. Bxb6 Nc8 32. Ba5 Bf3 33. Ne3 c6 34.
Kb2 Rb7 35. Rd8 Nb6 36. Bxb6 Rxb6 37. Rd6+ Ke7 38. Nd5+ Bxd5 39. cxd5 Rb5 40.
dxc6 a5 41. a4 Rc5 42. Kxb3 Rc1 43. Rd5 Rxc6 44. Rxa5 Rc1 45. Ra7+ Ke6 46. Rxh7
Rg1 47. Rc7 Rxg3+ 48. Rc3 Rg1 49. Rd3 Rf1 50. Rd6+ Kf7 51. Rd4 Ra1 52. Kb4 Rb1+
53. Kc5 Rc1+ 54. Kb5 Rb1+ 55. Rb4 1-0

[Event "AUT-chT 1999/2000"]
[Site "Fürstenfeld"]
[Date "2000.01.16"]
[Round "8.5"]
[White "Druckenthaner, Andreas"]
[Black "Posch, Werner"]
[Result "1/2-1/2"]
[WhiteElo "2300"]
[BlackElo "2267"]
[PlyCount "62"]
[EventDate "2000.01.16"]

1. e4 Nf6 2. e5 Nd5 3. Nc3 e6 4. Nxd5 exd5 5. d4 d6 6. f4 Bf5 7. Bd3 Qd7 8. Ne2
Nc6 9. Bxf5 Qxf5 10. Ng3 Qd7 11. O-O O-O-O 12. c3 Be7 13. Qh5 g6 14. Qf3 dxe5
15. fxe5 f6 16. exf6 Rdf8 17. Bg5 h6 18. Bxh6 Rxf6 19. Qe3 Re6 20. Qd2 Bh4 21.
Rf8+ Rxf8 22. Bxf8 Qe8 23. Rf1 Bxg3 24. hxg3 Re2 25. Qf4 Rxb2 26. Ba3 Re2 27.
Qg4+ Qe6 28. Rf8+ Kd7 29. Rf7+ Kc8 30. Rf8+ Kd7 31. Rf7+ Kc8 1/2-1/2

[Event "AUT-chT 1999/2000"]
[Site "Fürstenfeld"]
[Date "2000.01.16"]
[Round "8.6"]
[White "Wiedner, Robert"]
[Black "Eichler, Christoph"]
[Result "1/2-1/2"]
[WhiteElo "2180"]
[BlackElo "2234"]
[PlyCount "32"]
[EventDate "2000.01.16"]

1. c4 g6 2. e4 Bg7 3. Nc3 d6 4. Be2 Nc6 5. Bg4 e6 6. Bh3 Nge7 7. d3 O-O 8. Nge2
b6 9. O-O d5 10. cxd5 exd5 11. Bxc8 Rxc8 12. Qa4 Qd7 13. Bf4 Rfd8 14. Rac1 d4
15. Nb1 a5 16. Qb3 Qe6 1/2-1/2

[Event "AUT-chT 1999/2000"]
[Site "Fürstenfeld"]
[Date "2000.01.16"]
[Round "8.1"]
[White "Rabiega, Robert"]
[Black "Hoelzl, Franz"]
[Result "1/2-1/2"]
[WhiteElo "2471"]
[BlackElo "2428"]
[PlyCount "48"]
[EventDate "2000.01.16"]

1. e4 c5 2. c3 d5 3. exd5 Qxd5 4. d4 e6 5. Nf3 Nf6 6. Na3 Nbd7 7. Be2 a6 8. Nc4
cxd4 9. cxd4 Nb6 10. Nxb6 Qa5+ 11. Nd2 Qxb6 12. Nc4 Qc7 13. O-O Bd6 14. h3 O-O
15. Bd2 Nd5 16. Rc1 Bh2+ 17. Kh1 Bf4 18. Bf3 Bxd2 19. Qxd2 Bd7 20. Bxd5 exd5
21. Ne5 Qd6 22. Rc5 Bb5 23. Rfc1 Rae8 24. b3 f6 1/2-1/2

[Event "AUT-chT 1999/2000"]
[Site "Fürstenfeld"]
[Date "2000.01.16"]
[Round "8.2"]
[White "Horvath, Csaba"]
[Black "Grosar, Aljesa"]
[Result "1/2-1/2"]
[WhiteElo "2512"]
[BlackElo "2437"]
[PlyCount "26"]
[EventDate "2000.01.16"]

1. d4 Nf6 2. c4 e6 3. Nf3 b6 4. g3 Ba6 5. Qa4 Bb7 6. Bg2 c5 7. dxc5 Bxc5 8. Nc3
Ne4 9. Nxe4 Bxe4 10. O-O O-O 11. Bf4 d5 12. cxd5 Qxd5 13. b4 b5 1/2-1/2

[Event "AUT-chT 1999/2000"]
[Site "Fürstenfeld"]
[Date "2000.01.16"]
[Round "8.3"]
[White "Lipinsky, Fabian"]
[Black "Moser, Guenter"]
[Result "0-1"]
[WhiteElo "2339"]
[BlackElo "2315"]
[PlyCount "80"]
[EventDate "2000.01.16"]

1. d4 f5 2. c4 Nf6 3. g3 g6 4. Bg2 Bg7 5. Nf3 O-O 6. O-O d6 7. Nc3 Nc6 8. d5
Ne5 9. Nxe5 dxe5 10. Qb3 e6 11. Be3 Qe7 12. Nb5 a6 13. Na7 Ng4 14. Nxc8 Rfxc8
15. Bd2 e4 16. Rad1 c5 17. f3 exf3 18. Bxf3 Ne5 19. Bg2 Rab8 20. dxe6 b5 21.
Bf4 Kh8 22. Bd5 bxc4 23. Qc3 Nd3 24. Qxc4 Nxb2 25. Qxa6 Nxd1 26. Rxd1 Bd4+ 27.
e3 g5 28. Bxb8 Bxe3+ 29. Kh1 Rxb8 30. Qd3 f4 31. Qf5 Kg8 32. Be4 Rf8 33. Rd7
Rxf5 34. Rxe7 Re5 35. Bc6 c4 36. Rd7 Bc5 37. Bd5 Kh8 38. Bxc4 g4 39. Kg2 Re4
40. Rd8+ Kg7 0-1

[Event "AUT-chT 1999/2000"]
[Site "Fürstenfeld"]
[Date "2000.01.16"]
[Round "8.4"]
[White "Steflitsch, Erich"]
[Black "Herndl, Harald"]
[Result "1-0"]
[WhiteElo "2336"]
[BlackElo "2342"]
[PlyCount "73"]
[EventDate "2000.01.16"]

1. e4 e5 2. Nf3 Nf6 3. d4 Nxe4 4. Bd3 d5 5. Nxe5 Nd7 6. Nxd7 Bxd7 7. O-O Bd6 8.
c4 c6 9. cxd5 cxd5 10. Qh5 O-O 11. Qxd5 Bc6 12. Qh5 Bb4 13. Be3 g6 14. Qh3 Re8
15. Rc1 Rc8 16. Nc3 Bd7 17. Qh6 Nxc3 18. bxc3 Rxc3 19. Rxc3 Bxc3 20. Rc1 Qa5
21. h4 Rc8 22. Be4 b6 23. Bb7 Re8 24. Bf3 Qb4 25. h5 Bb2 26. hxg6 hxg6 27. Rc7
Qd6 28. Rxa7 Bxd4 29. Bf4 Qe6 30. Bg3 b5 31. Rc7 Bb6 32. Rc2 Qe1+ 33. Kh2 Bf5
34. Rc1 Qb4 35. Bd5 Qb2 36. Rc6 Bxf2 37. Bxf7+ 1-0

[Event "AUT-chT 1999/2000"]
[Site "Fürstenfeld"]
[Date "2000.01.16"]
[Round "8.5"]
[White "Fahrner, Kurt"]
[Black "Titz, Heimo"]
[Result "0-1"]
[WhiteElo "2329"]
[BlackElo "2297"]
[PlyCount "44"]
[EventDate "2000.01.16"]

1. e4 c5 2. Nc3 Nc6 3. f4 e6 4. Nf3 Nge7 5. d3 d5 6. Be2 dxe4 7. dxe4 Bd7 8.
O-O Ng6 9. Be3 Be7 10. Qe1 Qb6 11. b3 Nd4 12. Bd3 a6 13. Nd2 Qc7 14. a4 Bc6 15.
a5 Rd8 16. Nc4 f6 17. f5 exf5 18. exf5 Ne5 19. Qg3 O-O 20. Nxe5 fxe5 21. Ne4
Bxe4 22. Bxe4 Ne2+ 0-1

[Event "AUT-chT 1999/2000"]
[Site "Fürstenfeld"]
[Date "2000.01.16"]
[Round "8.6"]
[White "Schumi, Manfred"]
[Black "Ebner, Hubert"]
[Result "0-1"]
[WhiteElo "2246"]
[BlackElo "2245"]
[PlyCount "71"]
[EventDate "2000.01.16"]

1. e4 c5 2. Nf3 Nc6 3. d4 cxd4 4. Nxd4 g6 5. Nc3 Bg7 6. Be3 Nf6 7. Bc4 O-O 8.
Bb3 e6 9. Qf3 Ne5 10. Qg3 Nh5 11. Qh3 d5 12. O-O-O Qa5 13. f4 Nc4 14. Bxc4 e5
15. Nf5 dxc4 16. Ne7+ Kh8 17. Nxc8 exf4 18. Rd5 Qa6 19. Bd4 Raxc8 20. Bxg7+
Kxg7 21. Rhd1 Rc6 22. e5 Re8 23. g4 fxg3 24. hxg3 Rce6 25. Rd6 Qa5 26. R1d5 Qc7
27. Rd7 Qb6 28. Qf1 Qe3+ 29. Kb1 R8e7 30. Qxc4 Rxe5 31. Rxe5 Qxe5 32. Rxe7 Qxe7
33. a4 Qe1+ 34. Ka2 Qe6 35. Qxe6 fxe6 36. Ne4 0-1

[Event "AUT-chT 1999/2000"]
[Site "Fürstenfeld"]
[Date "2000.01.16"]
[Round "8.1"]
[White "Movsesian, Sergei"]
[Black "Pinter, Jozsef"]
[Result "1-0"]
[WhiteElo "2659"]
[BlackElo "2554"]
[PlyCount "139"]
[EventDate "2000.01.16"]

1. Nf3 Nf6 2. g3 d5 3. Bg2 c6 4. O-O Bg4 5. d3 Nbd7 6. Nbd2 e5 7. e4 dxe4 8.
dxe4 Bc5 9. h3 Bh5 10. Qe1 O-O 11. Nc4 Qc7 12. a4 Rfe8 13. Nh4 Nb6 14. Ne3 a5
15. Bd2 Nbd7 16. Nc4 b6 17. Kh1 Qd8 18. Nf5 Bg6 19. Nfd6 Re6 20. Nb7 Qc7 21.
Nxc5 Nxc5 22. f3 Nfd7 23. Be3 Nb7 24. Qf2 c5 25. f4 exf4 26. Bxf4 Qc6 27. e5
Be4 28. Rad1 Nf8 29. Rfe1 Bxg2+ 30. Qxg2 h6 31. h4 Qxg2+ 32. Kxg2 Rae8 33. Re3
Rc8 34. Rd5 Rc7 35. Rb3 Rcc6 36. Rbd3 Re7 37. h5 Kh7 38. g4 Kg8 39. Bg3 Re8 40.
Kf2 g6 41. Bh4 g5 42. Bg3 Re7 43. Rb3 Ree6 44. Kf3 Kh7 45. Ke4 Kg8 46. Rd1 Kg7
47. Rbd3 Rc7 48. Rd5 Kg8 49. Bf2 Kg7 50. Ne3 Kh7 51. Nf5 Kg8 52. Kd3 Nd7 53.
Kc3 Nf8 54. Kc4 Rc8 55. Bg3 Rc7 56. c3 Rc8 57. R1d2 Rc7 58. Ne3 Rc8 59. Rf2 Rc7
60. Rd1 Kg7 61. Rf6 Kh7 62. Rdf1 Nd8 63. Nd5 Rb7 64. Kb5 Nd7 65. Rxe6 fxe6 66.
Ne3 Kg7 67. Nc4 Rc7 68. Nd6 Kg8 69. Ne8 c4 70. Nxc7 1-0